000
00297nam a2200121Ia 4500
100
_a
Santacruz operation Inc
942
_c
BK
654
_a
unix
245
_a
SCO unix system v Development system e language guide
260
_b
Santacruz Operation Inc.
082
_a
5.43
_b
SCO
546
_a
ENGLISH
999
_c
34852
_d
34852